The Hindu View Of Life/ (Record no. 167092)

MARC details
000 -LEADER
fixed length control field 00493nam a22001697a 4500
010 ## - LCCN (DPL NO)
LC control number ENG-126265
020 ## - INTERNATIONAL STANDARD BOOK NUMBER
Terms of availability 800.00
International Standard Book Number 978-81-925569-4-7
035 ## - SYSTEM CONTROL NUMBER
System control number EN-109797
037 ## - SOURCE OF ACQUISITION
Source of stock number/acquisition DBAD/PUB
082 ## - DEWEY DECIMAL CLASSIFICATION NUMBER
Classification number 230
100 ## - MAIN ENTRY--PERSONAL NAME
Personal name Saraf, Mukesh
245 ## - TITLE STATEMENT
Title The Hindu View Of Life/
Statement of responsibility, etc by Mukesh Saraf
260 ## - PUBLICATION, DISTRIBUTION, ETC. (IMPRINT)
Place of publication, distribution, etc Allahbad
Name of publisher, distributor, etc Prabha Publishing House
Date of publication, distribution, etc 2018
270 ## - ADDRESS
Address 5-D/11, Khusro Bagh Road,
City Allahabad
Postal code 211001
300 ## - PHYSICAL DESCRIPTION
Extent 222p.
Dimensions 21cm(hb)
Other physical details ill
942 ## - ADDED ENTRY ELEMENTS (KOHA)
Source of classification or shelving scheme Dewey Decimal Classification
Item type English Books
Classification part 230
Call number suffix SAR
Holdings
Withdrawn status Lost status Not for loan Collection code Home library Current library Date acquired Source of acquisition Cost, normal purchase price Full call number Barcode Copy number Cost, replacement price Koha item type
      Non-fiction Ashok Vihar Ashok Vihar 21/08/2019 DBAD/PUB 800.00 230 SAR EN-109797 1 800.00 English Books

© Delhi Public Library
Hit Counter
free hit counter